01814nam a22002177a 450000500170000000800410001702000180005804000070007604100080008308200220009110000150011324500450012826000380017330000260021136500560023752011950029365000270148865000330151565000280154870000200157620251206124321.0220906b ||||| |||| 00| 0 eng d a9788125063513 cAL aeng 223a820.301bRAJP aRajelakhmy aPath and many shadows and twelve stories aHyderabadbOrient Blackswanc2016 ax,310p.bPBc22x14cm. 2Englisha3496b542.00c₹d695.00e22%f09-08-2022 a"The anguish of yesterdays, the emptiness of today and the futility of tomorrows – did she glimpse them all, in that moment?" A Path and Many Shadows is a Kerala Sahitya Akademi Award winning novel by Rajelakshmy. It is the story of a girl growing up in southern India in the 1950s and how she blossoms as an individual. We are shown the formative years of Mani, who encounters a society that is deeply patriarchal. We read about her choices and mistakes, her desires and failings and the ultimate realisation that liberation lies in pursuing what one’s heart desires, come what may. Rajelakshmy, one of Kerala’s prominent writers, committed suicide in 1965. And now, fifty years later, R. K. Jayasree resurrects her fictional world in the English language. The themes dealt with here – questioning faith, battling oppression, facing desire, choosing death – continue to speak to the world today. This book, which includes twelve short stories, contains a critical introduction that shows how Rajelakshmy’s fiction lays bare the working of the writer’s mind. It will interest students of literature, gender studies and translation and the general reader interested in fiction. aIndian English Fiction aIndian English Short Stories aMalayalam Tr in Enlgish aJayasree R K Tr